000 01117nam a2200313 i 4500
001 000026983
003 DO-SdBNP
005 20241202095833.0
008 110328s1959 dr 001 0 spa d
040 _aDO-SdBNP
_bspa
_cBNPHU
_erda
041 _hspa
082 7 4 _a929.2
_bP977G
_222
100 1 _aGarrido Puello, Víctor,
_d1886-1972
_eautor
_954083
245 1 4 _aLos Puello /
_cVíctor Garrido.
264 _aCiudad Trujillo, República Dominicana :
_bMontalvo,
_c1959.
300 _a232 páginas ;
_c24 cm.
336 _ardacontent
_btexto
_2txt
337 _ardamedia
_bsin mediación
_2n
338 _ardacarrier
_bvolumen
_2nc
500 _aIncluye índice de nombres y lugares.
500 _aIncluye referencias bibliográficas y notas al pie de las páginas.
590 _aInventariado, 2024/DG
600 1 4 _a, Puello y Castro, José Joaquín,
_d1808-1847
_913494
600 1 4 _aPuello y Castro, Gabino,
_d1816-1847
_938795
651 4 _aRepública Dominicana
_xHistoria
_938796
651 4 _aRepública Dominicana
_vBiografías
_91083
910 _aValidado. Control de calidad MFF
942 _2ddc
_cLBS1
999 _c26475
_d26475